Τοξικομανίες
Αποθηκεύτηκε σε:
| Κύριος συγγραφέας: | |
|---|---|
| Μορφή: | Βιβλίο |
| Γλώσσα: | Greek Italian |
| Δημοσίευση: |
[Αθήνα] :
Αποσπερίτης,
[μεταξύ 1980 και 1990]
|
| Σειρά: | Βιβλιοθήκη βασικών γνώσεων
|
| Θέματα: | |
| Ετικέτες: |
Προσθήκη ετικέτας
Δεν υπάρχουν, Καταχωρήστε ετικέτα πρώτοι!
|
MARC
| LEADER | 00000cam a2200000 i 4500 | ||
|---|---|---|---|
| 001 | 1/20129 | ||
| 008 | 120605q19801990 gre d | ||
| 035 | |l 10112651 | ||
| 040 | |a GR-MY-UA |b gre |e aacr | ||
| 041 | 1 | |a gre |h ita | |
| 082 | 0 | |a 362.293 |2 (22) | |
| 100 | 1 | |a Cancrini, Luigi |d 1938- | |
| 245 | 1 | 0 | |a Τοξικομανίες / |c Λουΐτζι Κανκρίνι ; μετάφραση: Ντίνα Καραχάλιου |
| 260 | |a [Αθήνα] : |b Αποσπερίτης, |c [μεταξύ 1980 και 1990] | ||
| 300 | |a 150 σ.; |b εικ.; |c 21 εκ. | ||
| 490 | 1 | |a Βιβλιοθήκη βασικών γνώσεων | |
| 500 | |a Τίτλος πρωτοτύπου: Tossicomanie | ||
| 650 | 0 | 0 | |a Drug abuse. |
| 650 | 0 | 0 | |a Drug abuse |x Treatment. |
| 650 | 0 | 0 | |a Drugs. |
| 830 | 0 | |a Βιβλιοθήκη βασικών γνώσεων | |
| 852 | |a INST |b SYROS |e 20120605 |h 362.293 CAN |p 005500010326 |q 005500010326 |t BK |y 0 | ||
| 901 | |a BIBL5-2012-1 | ||
| 909 | |a Ε |b 000329 | ||
| 970 | |a ΚΟΝΤΟΥ |b ΠΑΡΑΣΚΕΥΗ |z 2012/06/05 | ||